000 00521nam a2200193Ia 4500
001 35623
003 IN-NITTTR
005 20251114233433.0
008 251113s9999||||xx |||||||||||||| ||eng||
040 _beng
040 _cIN-NITTTR
041 _aeng
082 _aTK6553 .G43 2012
100 _aGhasemi, Abdollah.
245 0 _aPropagation Engineering in Wireless Communications /
_cGhasemi, Abdollah., Ghasemi, Farshid., Abedi, Ali
700 _a Abedi, Ali
700 _a Ghasemi, Farshid.
942 _2ddc
_cBK
999 _c35290
_d35290